| 000 | 00419nam a22001577a 4500 | ||
|---|---|---|---|
| 999 |
_c8021 _d8019 |
||
| 005 | 20220616145152.0 | ||
| 008 | 220616b ||||| |||| 00| 0 eng d | ||
| 020 | _a97815-43346-15-2 | ||
| 041 | _aeng | ||
| 100 |
_aPATIL, AKANKSHA, AND OTHERS _97313 |
||
| 245 | _aA PRACTICAL MANUAL OF COMMUNITY PHARMACY AND MANAGEMENT | ||
| 260 | _bS.VIKAS AND COMPANY | ||
| 300 | _a120;P | ||
| 650 |
_aPHARMACY _97314 |
||
| 942 | _cBK | ||